Football : équipe de France liste coupe du monde 2002 - Statistiques

Statistiques générales
  • Ce quiz a été pris 98 fois
  • Le résultat moyen est 16 sur 23
Statistiques - réponses
Club Poste Joueur % Correct
Manchester United Gardien Barthez
94%
Real Madrid Milieu offensif Zidane
94%
Arsenal Ailier Henry
93%
Bayern Munich Latéral gauche Lizarazu
90%
Juventus Latéral droit Thuram
89%
Juventus Attaquant de pointe Trézéguet
87%
OL Gardien Coupet
80%
Chelsea Milieu Petit
77%
Arsenal Milieu défensif Vieira
77%
Auxerre Attaquant de pointe Cissé
72%
OM Défenseur central Leboeuf
72%
Real Madrid Milieu défensif Makélélé
72%
Kaiserslautern Milieu offensif Djorkaeff
67%
Bayern Munich Latéral droit Sagnol
67%
Arsenal Ailier Wiltord
63%
Bordeaux Attaquant de pointe Dugarry
61%
Bordeaux Gardien Ramé
60%
As Roma Latéral gauche Candela
59%
Parme Milieu Boghossian
48%
Parme Milieu offensif Micoud
45%
Manchester United Défenseur central Silvestre
45%
FC Barcelone Défenseur central Christanval
28%
Chelsea Défenseur central Dessaily
27%
Aucun quiz correspondant
Distribution des résultats
% des personnes avec chaque résultat
Percentile par nombre de réponses
Votre historique - résultats
Vous n’avez pas pris ce quiz